En torno a los orígenes del feudalismo / (Record no. 9494)

MARC details
000 -LEADER
campo de control de longitud fija 01151nam a2200313 i 4500
001 - NÚMERO DE CONTROL
campo de control 9494
003 - IDENTIFICADOR DE NÚMERO DE CONTROL
campo de control ES-MaACL
005 - FECHA Y HORA DE LA ÚLTIMA TRANSACCIÓN
campo de control 20231228203842.0
007 - CAMPO FIJO DE DESCRIPCIÓN FÍSICA--INFORMACIÓN GENERAL
campo de control de longitud fija t|
007 - CAMPO FIJO DE DESCRIPCIÓN FÍSICA--INFORMACIÓN GENERAL
campo de control de longitud fija t|
008 - DATOS DE LONGITUD FIJA--INFORMACIÓN GENERAL
campo de control de longitud fija 931004s1993 sp |||| | spa d
020 ## - NÚMERO INTERNACIONAL ESTÁNDAR DEL LIBRO
Número Internacional Estándar del Libro 84-7090-292-X
080 ## - NÚMERO DE LA CLASIFICACIÓN DECIMAL UNIVERSAL
Número de la Clasificación Decimal Universal 321.17(460)
080 ## - NÚMERO DE LA CLASIFICACIÓN DECIMAL UNIVERSAL
Número de la Clasificación Decimal Universal 321.17(44)
100 1# - ENTRADA PRINCIPAL--NOMBRE DE PERSONA
Nombre de persona Sánchez-Albornoz, Claudio,
Fechas asociadas al nombre 1893-1984
9 (RLIN) 102440
245 10 - MENCIÓN DEL TÍTULO
Título En torno a los orígenes del feudalismo /
Mención de responsabilidad, etc. Claudio Sánchez Albornoz ; nota editorial, José M. Gómez-Tabanera ; prólogo, Eloy Benito Ruano.
260 ## - PUBLICACIÓN, DISTRIBUCIÓN, ETC.
Lugar de publicación, distribución, etc. Madrid :
Nombre del editor, distribuidor, etc. Colegio Universitario :
-- Istmo,
Fecha de publicación, distribución, etc. [1993]
300 ## - DESCRIPCIÓN FÍSICA
Extensión XXXII, 990 p. ;
Dimensiones 21 cm.
490 1# - MENCIÓN DE SERIE
Mención de serie Textos redivivos, libros perdurables ;
Designación de volumen o secuencia 12
500 ## - NOTA GENERAL
Nota general Índices.
534 ## - NOTA SOBRE LA VERSIÓN ORIGINAL
Frase introductoria Reproducción de la ed. de:
Publicación, distribución, etc. del original Mendoza, Argentina : Universidad Nacional de Cuyo, 1942.
650 #4 - PUNTO DE ACCESO ADICIONAL DE MATERIA--TÉRMINO DE MATERIA
Término de materia o nombre geográfico como elemento de entrada Feudalismo-
Subdivisión geográfica España.
9 (RLIN) 12769
650 #4 - PUNTO DE ACCESO ADICIONAL DE MATERIA--TÉRMINO DE MATERIA
Término de materia o nombre geográfico como elemento de entrada Feudalismo-
Subdivisión geográfica Francia.
9 (RLIN) 12770
700 1# - ENTRADA AGREGADA--NOMBRE PERSONAL
Nombre de persona Benito Ruano, Eloy.
9 (RLIN) 27689
700 0# - ENTRADA AGREGADA--NOMBRE PERSONAL
Nombre de persona Gómez-Tabanera, José Manuel,
Fechas asociadas al nombre 1926-2011
9 (RLIN) 58165
830 0# - PUNTO DE ACCESO ADICIONAL DE SERIE-TÍTULO UNIFORME
Título uniforme Textos redivivos, libros perdurables ;
Designación de volumen o secuencia 12
9 (RLIN) 178499
852 ## - LOCALIZACIÓN
Ubicación ES-MaACL
Número de control de estantería L-16775
Holdings
Estatus retirado Estado de pérdida Estado de daño No para préstamo Biblioteca de origen Biblioteca actual Ubicación en estantería Fecha de adquisición Fuente de adquisición Total de préstamos Signatura topográfica completa Código de barras Visto por última vez Precio de reemplazo Tipo de ítem Koha
        Biblioteca del Ateneo de Madrid Biblioteca del Ateneo de Madrid Depósito 2 17/01/2008     L-16775 1009687 23/02/2023 23/02/2023 Libro impreso